000 00750nam a2200241 i 4500
001 147738
003 ES-MaACL
005 20260612132717.0
007 t|
008 071005s1951 sp ||||1| spa d
080 _a32 Machianelli, Niccoláo
080 _a321.01
100 1 _aUscatescu, Jorge,
_d1919-1995
_9112293
245 1 0 _aDe Maquiavelo a la razón de estado /
_cJorge Uscatescu.
260 _aMadrid :
_b[s.n.,
_c1951] (
_fImp. de José Luis Cosano)
300 _a224 p. ;
_c18 cm.
600 1 4 _aMachiavelli, Niccolò,
_d1469-1527
_975181
650 1 7 _aEstado
_2embne
_912523
852 _aES-MaACL
_jD-8143
_bR.32615
852 _aES-MaACL
_jC-11451
_bR.39339
852 _aES-MaACL
_jC-33219
_bR.63303
999 _c147738
_d147738